| 000 | 01686nam a2200313Ia 4500 | ||
|---|---|---|---|
| 001 | ebr10267563 | ||
| 003 | CaPaEBR | ||
| 006 | m u | ||
| 007 | cr cn||||||||| | ||
| 008 | 081208s2008 dcu sb 000 0 eng d | ||
| 020 | _z0309122201 (pbk.) | ||
| 020 | _z9780309122207 (pbk.) | ||
| 040 |
_aCaPaEBR _cCaPaEBR |
||
| 035 | _a(OCoLC)726823394 | ||
| 050 | 1 | 4 |
_aQH588.S83 _bG852 2008eb |
| 245 | 0 | 4 |
_aThe National Academies' guidelines for human embryonic stem cell research _h[electronic resource] : _b2008 amendments / _cHuman Embryonic Stem Cell Research Advisory Committee, Board on Life Sciences, Division on Earth and Life Studies, Board on Health Sciences Policy, Institute of Medicine, National Research Council and Institute of Medicine of the National Academies. |
| 246 | 1 |
_iCaption title on p. i: _a2008 amendments to the National Academies' guidelines for human embryonic stem cell research |
|
| 246 | 3 | 0 | _aGuidelines for human embryonic stem cell research |
| 260 |
_aWashington : _bNational Academies Press, _cc2008. |
||
| 300 | _ax, 54 p. | ||
| 504 | _aIncludes bibliographical references (p. 20). | ||
| 533 |
_aElectronic reproduction. _bPalo Alto, Calif. : _cebrary, _d2009. _nAvailable via World Wide Web. _nAccess may be limited to ebrary affiliated libraries. |
||
| 650 | 0 |
_aEmbryonic stem cells _xResearch. |
|
| 650 | 0 |
_aHuman embryo _xResearch. |
|
| 655 | 7 |
_aElectronic books. _2local |
|
| 710 | 2 |
_aNational Research Council (U.S.). _bHuman Embryonic Stem Cell Research Advisory Committee. |
|
| 710 | 2 | _aebrary, Inc. | |
| 856 | 4 | 0 |
_uhttp://site.ebrary.com/lib/rucke/Doc?id=10267563 _zAn electronic book accessible through the World Wide Web; click to view |
| 999 |
_c23641 _d23641 |
||